Vzťah zvukovej a grafickej roviny nemeckého jazyka

Fungovanie nemeckého jazyka a všetkých jeho prejavov z ortoepického a ortografického hladiska. Analýza najmenších jazykových jednotiek v nemčine a ich kombinácia v spojitosti s normou jazyka a ich porovnávanie. Význam hovorenej formy jazyka, ktorá zohráva v súcasnosti dôležitejšiu úlohu ako jej píso...

Descripción completa

Guardado en:
Detalles Bibliográficos
Autor principal: Adamcová, Lívia
Formato: Capítulo de libro
Lenguaje:eslovaco
Materias:
Etiquetas: Agregar Etiqueta
Sin Etiquetas, Sea el primero en etiquetar este registro!

MARC

LEADER 00000nla$a2200000$$$4500
001 0105180
005 20240502072146.2
041 0 |a slo 
044 |a SK 
245 1 0 |a Vzťah zvukovej a grafickej roviny nemeckého jazyka  |c Lívia Adamcová 
520 |a Fungovanie nemeckého jazyka a všetkých jeho prejavov z ortoepického a ortografického hladiska. Analýza najmenších jazykových jednotiek v nemčine a ich kombinácia v spojitosti s normou jazyka a ich porovnávanie. Význam hovorenej formy jazyka, ktorá zohráva v súcasnosti dôležitejšiu úlohu ako jej písomná podoba. 
610 2 0 |a jazyky cudzie 
610 2 0 |a jazykoveda 
610 2 0 |a nemčina 
100 1 |a Adamcová, Lívia